Parliamentary government in the commonwealth (Record no. 421570)

000 -LEADER
fixed length control field 00386cam a22001217a 4500
008 - FIXED-LENGTH DATA ELEMENTS--GENERAL INFORMATION
fixed length control field 180718b1951 xxu||||| |||| 00| 0 eng d
082 ## - DEWEY DECIMAL CLASSIFICATION NUMBER
Classification number B5 B155
100 ## - MAIN ENTRY--PERSONAL NAME
Personal name Bailey, Sydney D.
245 ## - TITLE STATEMENT
Title Parliamentary government in the commonwealth
Statement of responsibility, etc. by Sydney D. Bailey
260 ## - PUBLICATION, DISTRIBUTION, ETC.
Place of publication, distribution, etc. London
Name of publisher, distributor, etc. Hansard Society
Date of publication, distribution, etc. 1951
300 ## - PHYSICAL DESCRIPTION
Extent v, 217p
650 ## - SUBJECT ADDED ENTRY--TOPICAL TERM
Topical term or geographic name entry element Commonwealth of Nations --Politics and government.
Holdings
Withdrawn status Lost status Damaged status Not for loan Permanent Location Current Location Date acquired Full call number Barcode Date last seen Price effective from Koha item type
        Indian Institute of Public Administration Indian Institute of Public Administration 2009-08-03 B5 B155 2218 2018-07-21 2018-07-21 Book

Powered by Koha